000 00742nam a2200241Ia 4500
003 OSt
005 20220923211921.0
006 a|||||r|||| 00| 0
007 ta
008 220922b |||||||| |||| 00| 0 san d
024 _a73,685
037 _cTextual
040 _aARTS
_cARTS
_bsan
041 _2san
_asan
082 _aR631x2,1, 15N2
100 _aईश्वर कृष्ण
_9156290
245 0 _aसांख्य कारिका
246 _aSāankhya kārikā
260 _aवाराणसी
_b भारतीय विद्या संस्थान
_c1992
300 _a227पृ0
_ccm.
942 _hR631x2,1, 15N2
_cTEXL
_2CC
999 _c304586
_d304586